Lex eleitoral : (Record no. 1469)
[ view plain ]
| 000 -LÍDER | |
|---|---|
| Campo Fixo de Controle | 00820nam a2200229 a 4500 |
| 001 - NÚMERO DE CONTROLE | |
| Campo de Controle | 1469 |
| 003 - IDENTIFICAÇÃO DO NÚMERO DE CONTROLE | |
| Campo de Controle | BR-CuiBMT |
| 005 - DATA E HORA DA ÚLTIMA ATUALIZAÇÃO | |
| Campo de Controle | 20231211203407.0 |
| 008 - DADOS FIXOS | |
| Dados Fixos | 231211s2014 scba 000 0 por d |
| 040 ## - AGÊNCIA CATALOGADORA | |
| Código da Agência Catalogadora | BR-CuiBMT |
| Agência que transcreveu o registro | BR-CuiBMT |
| 080 ## - Nº DA CLASSIFICAÇÃO DECIMAL UNIVERSAL | |
| Nº edição CDU | 2007 |
| Nº Class. CDU | 342.8 |
| Subd. Auxiliar Comum | (816.4) |
| -- | (094) |
| -- | "2014" |
| 090 ## - NÚMERO DE CHAMADA | |
| Nº classificação | 342.8(816.4)(094)"2014" |
| Cutter | S231l |
| 110 ## - ENTRADA PRINCIPAL -- ENTIDADE | |
| Nome da entidade ou lugar | Santa Catarina |
| Unidade subordinada | Tribunal Regional Eleitoral |
| 245 ## - TÍTULO PRINCIPAL | |
| Título principal | Lex eleitoral : |
| Subtítulo | eleições 2014 / |
| Indicação de responsabilidade | Tribunal Regional Eleitoral de Santa Catarina. |
| 260 ## - PUBLICAÇÃO, DISTRIBUIÇÃO, ETC. | |
| Local de publicação | Florianópolis : |
| Editora | Secretária judiciária / coordenadoria de gestão da informação, |
| Data | 2014. |
| 300 ## - DESCRIÇÃO FÍSICA | |
| N. páginas ou volumes | 480 p.: |
| Ilustrações | il. |
| Dimensões | 23 cm |
| 610 ## - ASSUNTO -- ENTIDADE | |
| Unidade subordinada | Tribunal regional eleitoral |
| Nome da Entidade ou lugar | Santa Catarina |
| 650 ## - ASSUNTO TÓPICO | |
| Cabeçalho tópico ou nome geográfico | Eleições |
| Subdivisão geral | legislação |
| 650 ## - ASSUNTO TÓPICO | |
| Cabeçalho tópico ou nome geográfico | Legislação eleitoral |
| 650 ## - ASSUNTO TÓPICO | |
| Cabeçalho tópico ou nome geográfico | Eleições |
| Subdivisão cronológica | 2014 |
| Subdivisão geográfica | Brasil |
| 942 ## - ELEMENTOS DE ENTRADA ADICIONAIS (KOHA) | |
| Fonte de classificação ou esquema de arquivamento | Classificação Decimal Universal |
| Tipo de item do Koha | Livros |
| Estado: removido | Estado: perdido | Fonte de classificação ou esquema de arquivamento | Estado: danificado | Indisponível para empréstimo | Localização permanente | Localização atual | Data de aquisição | Total Checkouts | Número de Chamada completo | Código de barras | Date last seen | Número do exemplar | Preço efetivo a partir de | Tipo de item (Koha) |
|---|---|---|---|---|---|---|---|---|---|---|---|---|---|---|
| Classificação Decimal Universal | Biblioteca da Escola Superior de Contas do TCE/MT | Biblioteca da Escola Superior de Contas do TCE/MT | 11/12/2023 | 342.8(816.4)(094)"2014" S231l | BIBTCEMT23120366 | 11/12/2023 | Ex. 1 | 11/12/2023 | Livros | |||||
| Classificação Decimal Universal | Biblioteca da Escola Superior de Contas do TCE/MT | Biblioteca da Escola Superior de Contas do TCE/MT | 11/12/2023 | 342.8(816.4)(094)"2014" S231l | BIBTCEMT23120651 | 16/12/2023 | Ex. 2 | 11/12/2023 | Livros |